Tiempos fundacionales. Nación, identidades y prácticas discursivas en las letras latinoamericanas

Сохранить в:
Библиографические подробности
Главный автор: Kottow, Andrea (editora)
Другие авторы: Massmann, Stefanie (editora)
Формат: Неизвестно
Язык:английский
Опубликовано: Santiago, Chile Universidad Andrés Bello- RiL Editores 2015
Редактирование:Primera edición
Предметы:
Метки: Добавить метку
Нет меток, Требуется 1-ая метка записи!

MARC

LEADER 00000 a2200000 4500
003 CL-VaPUC
005 20210730120735.0
008 210616b ||||| |||| 00| 0 eng d
999 |c 433140  |d 433138 
020 |a 978-956-01-0196-9 
040 |c Pontificia Universidad Católica de Valparaíso 
082 |a H864 KOT 2015 
100 |a Kottow, Andrea   |9 861444  |e editora 
245 |a Tiempos fundacionales. Nación, identidades y prácticas discursivas en las letras latinoamericanas 
250 |a Primera edición  
260 |a Santiago, Chile   |b Universidad Andrés Bello- RiL Editores   |c 2015 
300 |a 349 páginas  
583 |k Cristina Rojas  |c 20210617 
650 |a Literatura latinoamericana  |x Historia y crítica  |y Siglo 19  |9 861685 
650 |a Literatura chilena  |x Historia y crítica  |y Siglo 19  |9 861686 
651 |a Latinoamérica   |y Siglo 19  |9 861687 
651 |a Chile   |x Vida intelectual   |y Siglo  |9 861688 
700 |a Massmann, Stefanie  |e editora  |9 861611 
942 |2 ddc  |c BK 
952 |0 0  |1 0  |2 ddc  |4 0  |6 H_864_000000000000000_KOT_2015  |7 0  |8 A  |9 578193  |a BIBEDU  |b BIBEDU  |d 2021-06-16  |e 3  |g 0.00  |i 5584817  |o H864 KOT 2015  |p 5584817  |r 2021-06-16  |t 1  |v 0.00  |w 2021-06-16  |y BK  |k LIT